000 00620nam a2200229Ia 4500
003 OSt
005 20220928104404.0
006 a|||||r|||| 00| 0
007 ta
008 220927b |||||||| |||| 00| 0 eng d
024 _a138940
037 _cTextual
040 _aSDCL
_cSDCL
_beng
041 _2eng
_aeng
082 _aR65:(Q:34), M8
100 _aSingh Shashi Devi
_9410220
245 0 _aShanker vedant me chaitany tattav.
260 _aVaranasi
_bGaurabh Prakashan
_c1988
300 _a280p
_ccm.
942 _hR65:(Q:34), M8
_cTEXL
_2CC
999 _c725823
_d725823